Hodnotenie úrovne a podpora elektromobility v Slovenskej republike bakalárska práca

Gespeichert in:
Bibliographische Detailangaben
1. Verfasser: Maňák, Jakub
Körperschaft: Fakulta podnikového manažmentu EU. Katedra podnikovohospodárska
Weitere Verfasser: Raková, Monika, 1991-
Format: Buch
Sprache:Slowakisch
Veröffentlicht: Bratislava 2022
Tags: Tag hinzufügen
Keine Tags, Fügen Sie das erste Tag hinzu!

MARC

LEADER 00000nbm a2200000 4500
001 0285551
005 20230314080209.5
041 0 |a slo 
044 |a SK 
245 1 0 |a Hodnotenie úrovne a podpora elektromobility v Slovenskej republike  |b bakalárska práca  |c Jakub Maňák ; školiteľ: Monika Raková 
264 1 |a Bratislava  |c 2022 
300 |a 49 s. 
100 1 |a Maňák, Jakub 
700 1 |a Raková, Monika, 1991- 
710 2 |a Fakulta podnikového manažmentu EU. Katedra podnikovohospodárska